| 000 | 00782nam a2200229 a 4500 | ||
|---|---|---|---|
| 001 | 000043357 | ||
| 003 | DO-SdBNP | ||
| 005 | 20240927073749.0 | ||
| 008 | 100901t1984 dr a r 000 0bspa d | ||
| 040 |
_aDO-SdBNP _bspa _cBNPHU |
||
| 082 |
_a923.27293 _bD812B, 1984 |
||
| 100 | 1 |
_a Balaguer, Joaquín, _d1906-2002 _976556 |
|
| 245 | 1 | 3 |
_aEl Cristo de la libertad : _bvida de Juan Pablo Duarte / _cJoaquín Balaguer. |
| 250 | _aEdición especial. | ||
| 260 |
_aSanto Domingo : _bPublicaciones America, _c1984. |
||
| 300 |
_a248 p. : _bil. ; _c24 cm. |
||
| 590 | _aInventariado, 2018/BT | ||
| 600 | 1 | 0 |
_aDuarte, Juan Pablo, _d1813-1876 _91494 |
| 651 | 1 | 0 |
_aRepública Dominicana -- _xHistoria -- _y1844-1930 _91009 |
| 910 | _aValidado. Control de calidad. MFF | ||
| 942 |
_2ddc _cLBS1 |
||
| 999 |
_c42846 _d42846 |
||